000 00706cam a22002293a 4500
001 31554
003 PGUSA
005 20140828083701.0
008 100308s2010||||xxu|||||s|||||000 | eng d
040 _aPGUSA
_beng
042 _adc
050 4 _aPG
100 1 _aPanin, Ivan,
_d1855-1942
245 1 0 _aLectures on Russian Literature :
_bPushkin, Gogol, Turgenef, Tolstoy
_h[electronic resource] /
_cIvan Panin
260 _bProject Gutenberg,
_c2010
506 _aPublic domain in the USA.
516 _aElectronic text
653 _aRussian literature -- 19th century -- History and criticism
830 0 _aProject Gutenberg
_v31554
856 4 0 _uhttp://www.gutenberg.org/ebooks/31554
942 _cEB
999 _c260809
_d260809